• 首页
  • 本馆介绍
  • 公告通知
  • 最新文献
  • 馆藏检索
  • 电子资源
  • 读者导购
  • 参考咨询
  • 我的图书馆
  • 登录
  • 详细信息显示
  • 放入我的书架
  • 预约/预借图书
  • 作者相关作品
  • 分类相关作品
  • 丛书相关作品
  • 出版社相关作品

书目信息

  • 表格格式
  • 工作单格式
  • 卡片格式
题名:
物理学史简明教程
    
 
作者:
分册:  
出版信息: 北京   北京师范大学出版社  1986.7
页数: 341页
开本: 20cm
丛书名:
单 册:
中图分类: O4-091
科图分类:
主题词: 物理学
电子资源:
ISBN: 7-303-00109-3
000 00502nam0 2200181 45
001 0405210886
005 20060726151740.43
010    @a7-303-00109-3@dCNY1.90
100    @a20040521d1986 km y0chiy0120 ea
101 0  @achi
200 1  @a物理学史简明教程@AWu Li Xue Shi Jian Ming Jiao Cheng
210    @a北京@c北京师范大学出版社@d1986.7
215    @a341页@c插图@d20cm
300    @a高等学校教学用书
606 0  @a物理学
690    @aO4-091@v3
801    @aCN@bPftUser@c20060726
905    @dO4-091@e224@f1@b233916
    
    物理学史简明教程.-北京:北京师范大学出版社,1986.7
    341页:插图;20cm
    高等学校教学用书
    
    ISBN 7-303-00109-3:CNY1.90
    
●
相关链接 在E读中查询图书 在五车中查询图书 在当当中查询图书 在豆瓣中查询图书


正题名:物理学史简明教程     索取号:O4-091/224         预约/预借

序号 登录号 条形码 馆藏地/架位号 状态 备注
1 0233916   000401657   第三借阅区/ [索取号:O4-091/224] 在馆    
2 0233917   000401425   第三借阅区/ [索取号:O4-091/224] 在馆    
3 0233918   202097541   第二样本阅览室/ [索取号:O4-091/224] 在馆    
4 0433284   204332846   密集书库/ [索取号:O4-091/224] 在馆    
5 0433285   204332855   密集书库/ [索取号:O4-091/224] 在馆    
6 0433286   204332864   密集书库/ [索取号:O4-091/224] 在馆    
欢迎您!
大连网信软件有限公司© 版权所有